[Event "Bahn-chG"]
[Site "Bad Wildungen"]
[Date "2000.09.29"]
[Round "6"]
[White "Koester, Hans Juergen"]
[Black "Schmidt, Volker"]
[Result "0-1"]
[WhiteElo "1858"]
[BlackElo "1861"]
[PlyCount "78"]
[EventDate "2000.09.24"]
[EventType "swiss"]
[EventRounds "7"]
[EventCountry "GER"]
[SourceTitle "EXT 2003"]
[Source "ChessBase"]
[SourceDate "2002.11.25"]
[SourceVersion "1"]
[SourceVersionDate "2002.11.25"]
[SourceQuality "1"]

1. e4 c5 2. f4 d6 3. Bc4 e6 4. Nf3 a6 5. a3 g6 6. d3 Bg7 7. Nc3 Nc6 8. Be3 Qb6 9. Rb1 Nge7 10. 0-0 Qc7 11. Ne2 b5 12. Ba2 h5 13. c3 0-0 14. Ng5 Nd8 15. Ng3 f6 16. Nxe6 Bxe6 17. Bxe6+ Nxe6 18. f5 h4 19. Nh5 Nd8 20. fxg6 Nxg6 21. Qg4 Qf7 22. d4 c4 23. Rf3 Kh7 24. Rbf1 Qe6 25. Nxf6+ Rxf6 26. Qh5+ Kg8 27. Rxf6 Bxf6 28. Qxg6+ Bg7 29. Qh5 Qxe4 30. Bh6 Ra7 31. Bg5 Rf7 32. Qd1 Rxf1+ 33. Qxf1 Ne6 34. Bc1 d5 35. a4 Qd3 36. Qe1 Qe4 37. Qd1 Qb1 38. Qe1 Nf4 39. g3 Qxc1 0-1

[Event "Bahn-chG"]
[Site "Baiersbronn"]
[Date "1998.10.29"]
[Round "6"]
[White "Koester, Hans Juergen"]
[Black "Schmidt, Volker"]
[Result "0-1"]
[WhiteElo "1784"]
[BlackElo "1873"]
[PlyCount "66"]
[EventDate "1998.10.25"]
[EventType "swiss"]
[EventRounds "7"]
[EventCountry "GER"]
[SourceTitle "EXT 2001"]
[Source "ChessBase"]
[SourceDate "2000.11.22"]
[SourceVersion "1"]
[SourceVersionDate "2000.11.22"]
[SourceQuality "1"]

1. e4 c5 2. f4 d6 3. Bc4 g6 4. d3 Bg7 5. Nc3 a6 6. a4 Nc6 7. a5 Nxa5 8. Ba2 Nc6 9. Nce2 e6 10. c3 Nge7 11. Nf3 0-0 12. Ng3 b5 13. h4 b4 14. Bd2 Rb8 15. h5 d5 16. Qc1 b3 17. Bb1 f5 18. e5 Qc7 19. Qd1 d4 20. Ng5 h6 21. c4 hxg5 22. hxg6 g4 23. Ne4 Nxg6 24. Nxc5 Ncxe5 25. Nxa6 Bxa6 26. Rxa6 Nc6 27. g3 Kf7 28. Kf1 Rh8 29. Rg1 Rh2 30. Qe1 Qb7 31. Ra4 Nce5 32. Qd1 Rxd2 33. Qxd2 Nf3 0-1

[Event "Bahn-chG"]
[Site "Bad Laasphe"]
[Date "1994.10.10"]
[Round "2"]
[White "Koester, Hans Juergen"]
[Black "Jeurissen, Karel"]
[Result "0-1"]
[WhiteElo "1840"]
[BlackElo "1680"]
[PlyCount "80"]
[EventDate "1994.10.09"]
[EventType "swiss"]
[EventRounds "7"]
[EventCountry "GER"]
[SourceTitle "EXT 1999"]
[Source "ChessBase"]
[SourceDate "1998.11.16"]
[SourceVersion "1"]
[SourceVersionDate "1998.11.16"]
[SourceQuality "1"]

1. e4 e6 2. c4 c5 3. Nc3 Nc6 4. f4 b6 5. d3 Bb7 6. Nf3 g6 7. Be2 Bg7 8. 0-0 Nge7 9. Nb5 d6 10. Rb1 0-0 11. Qe1 a6 12. Nc3 Nd4 13. a3 Nec6 14. Bd1 b5 15. Be3 bxc4 16. dxc4 Rb8 17. Kh1 Ba8 18. Na4 Nb3 19. e5 Ncd4 20. Bxd4 Nxd4 21. exd6 Qxd6 22. Ne5 Nb3 23. Rf2 Bxe5 24. fxe5 Qd4 25. Qe2 Rfd8 26. Bc2 Qh4 27. Bxb3 Rxb3 28. Kg1 Rbd3 29. Nxc5 R3d4 30. b3 Qg5 31. Rbf1 Rd2 32. Qe1 Bxg2 33. h4 Qxh4 34. Rxg2 Qd4+ 35. Kh1 Rxg2 36. Nxe6 fxe6 37. Kxg2 Qg4+ 38. Kh2 Rd3 39. Rf8+ Kxf8 40. Qf1+ Rf3 0-1